| 000 | 01778nam a22001697a 4500 | ||
|---|---|---|---|
| 020 | _a978-93-5643-349-6 | ||
| 082 |
_a894.812.3 _bJOS/S |
||
| 100 | _aJOSE,JOSEPH ANNAMKUTTY | ||
| 245 | _aSNEHAM, KAMAM,BHRANTH | ||
| 246 |
_aSNEHAM, KAMAM,BHRANTH _bSNEHAM, KAMAM,BHRANTH |
||
| 250 | _aSIXTH | ||
| 260 |
_aKOTTAYAM _bD C _c2023 |
||
| 300 | _a294 | ||
| 520 | _aചുരുങ്ങിയകാലംകൊണ്ട് ഒരുലക്ഷത്തിലധികം കോപ്പികൾ വിറ്റഴിഞ്ഞ ദൈവത്തിന്റെ ചാരന്മാർ എന്ന പുസ്തകത്തിനു ശേഷം ജോസഫ് അന്നംകുട്ടി ജോസിന്റെ ഏറ്റവും പുതിയ പുസ്തകം. ഉള്ളിൽ പിറവിയെടുത്ത ആശയങ്ങളെ പച്ചയായി അവതരിപ്പിക്കുന്ന ഈ പുസ്തകത്തിലെ ഓരോ കഥകളിലെയും കഥാപാത്രങ്ങൾ നമുക്കുള്ളിലുളളവരാകാം, നമുക്ക് പ്രിയപ്പെട്ടവരാകാം. ഇതിലെ ചില കഥാപാത്രങ്ങളെ നിങ്ങൾ നെഞ്ചോട് ചേർത്തേക്കാം, ചിലർ നിങ്ങളിലെ ഭ്രാന്തിന് കൂട്ടായി മാറിയേക്കാം, ചിലരുടെ പാദങ്ങളിൽ വീണ് നമസ്കരിച്ചേക്കാം, മറ്റു ചിലരെ നിങ്ങൾക്ക് മനസ്സിലാകാതെ പോയേക്കാം. | ||
| 650 | _aMALAYALAM STORIES /ARTICLES | ||
| 942 | _cBK | ||
| 999 |
_c8624 _d8624 |
||